Statistiques concernant Revendications de l'Antarctique

Cliquez ici pour prendre le quiz!

Statistiques générales

  • Ce quiz a été pris 39 fois
  • Le résultat moyen est 6 sur 7

Statistiques - réponses

Pays% Correct
France
100%
Royaume-Uni
97%
Argentine
92%
Chili
86%
Australie
86%
Nouvelle-Zélande
86%
Norvège
61%

Distribution des résultats

Percentile par nombre de réponses

% des personnes avec chaque résultat

Votre développement - résultats

Vous n’avez pas pris ce quiz